000 00692nam a2200229Ia 4500
005 20230308152759.0
008 210716s2003 xx 000 0 und d
020 _a8120321758
040 _cAIMIT LIBRARY
041 _aeng
082 _a004.65
_24
_bTANA
100 _aTanenbaum, Andrew S.
_974686
245 _aComputer networks /
_cBy Andrew S Tanenbaum
250 _a4th ed.
260 _aNew Delhi :
_bPrentice Hall of India PVt Ltd ,
_c2003.
300 _axx,891p. ;
_c23 cm.
650 _aPhysical layer
_974687
650 _aData link layer
_974688
650 _aMedium access control sublayer
_974689
650 _aTransport layer
_974690
942 _2ddc
_cBK
_e4th
_k004.65 TANA
999 _c187909
_d187909